000 00893nam a2200253Ia 4500
003 OSt
005 20221005113347.0
006 a|||||r|||| 00| 0
007 ta
008 221004b |||||||| |||| 00| 0 pan d
020 _c50
024 _a14562
037 _b885, 08/09/2014, H.K. Prakashan
_cTextual
040 _aCRL
_cCRL
_bpan
041 _2pan
_apan
082 _aO153,1NSWx, Q0
100 _aਸਵੈਚ, ਪਰਵਿੰਦਰ ਕੌਰ
245 0 _aਮਖੌਟਿਆਂ ਦੇ ਆਰ ਪਾਰ
260 _aਬਠਿੰਡਾ
_bਬਲਗਮ ਸਾਹਨੀ ਯਾਦਗਾਰੀ ਪ੍ਰਕਾFਨ ਭਾਰਤ
_c2010
300 _a152ਪੰ
_ccm.
650 _aਪੰਜਾਬੀ ਸਾਹਿਤ
942 _hO153,1NSWx, Q0
_cTEXL
_2cc
999 _c1027902
_d1027902